=LDR 00000nam 2200000 4500 =001 INLIS000000000036118 =005 20141215120445.0 =006 =007 =008 Ind =035 ##$$0010-061300000036118 =041 ##$$a Ind =082 ##$$a F Rom K =090 ##$$a F Rom K, Joh n =100 ##$$a Johan =245 ##$$a Negeri terkutuk, Johan dan pinlouit =260 ##$$a Jakarta $b PT. Elexmedia komputindo $c 2011 =300 ##$$a 62 hlm, ilus, 28 cm =650 ##$$a Fiksi kanak-kanak =850 ##$$a NBPNMAT